Faculty of Law Library — Cairo University

Official Online Catalog

Arbitration And State Enterprises: (Record no. 72759)

MARC details
000 -LEADER
fixed length control field 01019nam a2200301 i 4500
003 - CONTROL NUMBER IDENTIFIER
control field EG-GICUC
005 - DATE AND TIME OF LATEST TRANSACTION
control field 20260422070535.0
008 - FIXED-LENGTH DATA ELEMENTS--GENERAL INFORMATION
fixed length control field 260422r1984 ne ||||fr|||| 000 0 eng d
017 ## - COPYRIGHT OR LEGAL DEPOSIT NUMBER
Copyright or legal deposit number 1984/2664/65
020 ## - INTERNATIONAL STANDARD BOOK NUMBER
International Standard Book Number 9065441840
040 ## - CATALOGING SOURCE
Original cataloging agency EG-GiCUC
Language of cataloging eng
Transcribing agency EG-GiCUC
Modifying agency EG-GiCUC
Description conventions rda
082 04 - DEWEY DECIMAL CLASSIFICATION NUMBER
Edition number 21
Classification number 341.79
Item number BO . A
092 04 - LOCALLY ASSIGNED DEWEY CALL NUMBER (OCLC)
Edition number 21
099 ## - LOCAL FREE-TEXT CALL NUMBER (OCLC)
Classification number Law1 11 341.79 BO . A 1984
100 1# - MAIN ENTRY--PERSONAL NAME
Personal name Böckstiegel,Karl-Heinz
Relator term Author.
245 10 - TITLE STATEMENT
Title Arbitration And State Enterprises:
Remainder of title A Survey On The National And International State Of Law And Practice/
Statement of responsibility, etc. Karl-Heinz Böckstiegel.
264 01 - PRODUCTION, PUBLICATION, DISTRIBUTION, MANUFACTURE, AND COPYRIGHT NOTICE
Place of production, publication, distribution, manufacture Netherlands:
Name of producer, publisher, distributor, manufacturer Kluwer Law And Taxation Publishers,
Date of production, publication, distribution, manufacture, or copyright notice 1984.
300 ## - PHYSICAL DESCRIPTION
Extent 113 Pages;
Dimensions 24 cm.
336 ## - CONTENT TYPE
Source rda content
Content type term text
337 ## - MEDIA TYPE
Source rda media
Media type term Computer
338 ## - CARRIER TYPE
Source rda carrier
Carrier type term Online Resource
546 ## - LANGUAGE NOTE
Language note Text in English
650 1# - SUBJECT ADDED ENTRY--TOPICAL TERM
Topical term or geographic name entry element Public International Law
650 1# - SUBJECT ADDED ENTRY--TOPICAL TERM
Topical term or geographic name entry element International Trade Law
856 40 - ELECTRONIC LOCATION AND ACCESS
Uniform Resource Identifier <a href="https://fll.law.cu.edu.eg/fulltext/bks/B11-09736.pdf">https://fll.law.cu.edu.eg/fulltext/bks/B11-09736.pdf</a>
905 ## - Cataloger and Reviser Names
Cataloger Name: Logain Ashraf
942 ## - ADDED ENTRY ELEMENTS (KOHA)
Source of classification or shelving scheme Dewey Decimal Classification
Koha item type Books
Edition 21
Suppress in OPAC No
Holdings
Withdrawn status Lost status Source of classification or shelving scheme Damaged status Not for loan Collection Home library Current library Date acquired Source of acquisition Total checkouts Full call number Barcode Date last seen Copy number Price effective from Koha item type
    Dewey Decimal Classification   Not for loan القانون الدولي العام جــــامعة القــاهرة مكتبة كلية الحقوق - المبنى الرئيسي 22.04.2026 إهداء مكتبة الأستاذ الدكتور صلاح عامر   Law1 11 341.79 BO . A 1984 1109736 C1 B11-09736 22.04.2026 1 22.04.2026 Books

© All rights reserved — Faculty of Law, Cairo University